Cumbres borrascosas = Wuthering Heights /
Cumbres borrascosas (1847), única novela de la escritora inglesa Emily Brontë (1818-1848), narra las pasiones, desencuentros amorosos y venganzas que se producen en dos núcleos familiares en los ásperos escenarios naturales de la región de Yorkshire. Ha sido trasladada en numerosas ocasiones a la te...
Kaydedildi:
| Yazar: | |
|---|---|
| Diğer Yazarlar: | , , , , , , , , |
| Materyal Türü: | |
| Dil: | İngilizce |
| Seri Bilgileri: | (Joyas del Cine ;
885) |
| Konular: | |
| Etiketler: |
Etiket eklenmemiş, İlk siz ekleyin!
|
MARC
| LEADER | 00000ngm^a2200000^a^4500 | ||
|---|---|---|---|
| 001 | 000297554 | ||
| 005 | 20250521000000.0 | ||
| 009 | 20260310112342.879 | ||
| 037 | |a Acervo ITESO - Biblioteca | ||
| 041 | |a ING | ||
| 082 | |a 810. |b WYL | ||
| 100 | |a Wyler, William |e (realización) | ||
| 240 | 1 | 1 | |a [Cumbres borrascosas] |
| 240 | 1 | 1 | |a [Cumbres borrascosas. Adaptaciones] |
| 245 | 1 | 0 | |a Cumbres borrascosas = |b Wuthering Heights / |c Realización de W. Wyler. |
| 264 | 2 | |a México : |b Comercializadora Dure [distribución], |c copyright fecha no identificada | |
| 300 | |a 1 DVD multirregión (99 min.) : |b blanco y negro | ||
| 336 | |a imagen móvil bidimensional |b tdi |2 rdacontenido | ||
| 337 | |a video |b v |2 rdamedio | ||
| 338 | |a videodisco |b vd |2 rdasoporte | ||
| 440 | 1 | |a (Joyas del Cine ; |v 885) | |
| 500 | |a Basado en: Cumbres borrascosas, de Emily Brontë | ||
| 520 | |a Cumbres borrascosas (1847), única novela de la escritora inglesa Emily Brontë (1818-1848), narra las pasiones, desencuentros amorosos y venganzas que se producen en dos núcleos familiares en los ásperos escenarios naturales de la región de Yorkshire. Ha sido trasladada en numerosas ocasiones a la televisión y el cine, entre las que destaca esta minuciosa versión dirigida por el norteamericano William Wyler en 1939, rodada en los estudios angelinos Samuel Goldwyn y locaciones californianas. | ||
| 546 | |a En inglés, con subtítulos en español | ||
| 586 | |a Premio Oscar, de la Academia Norteamericana de Cine (12°: 1939): Mejor Película (finalista) | ||
| 586 | |a Premio Oscar, de la Academia Norteamericana de Cine (12°: 1939): Mejor Dirección (finalista: William Wyler) | ||
| 586 | |a Registro Nacional de Cine de la Biblioteca del Congreso: Declaraciones de 2007 | ||
| 649 | |a XX | ||
| 650 | |a Melodramas | ||
| 650 | |a Dramas Cinematográficos | ||
| 650 | |a Cine en Blanco y Negro - |z EUA | ||
| 650 | |a Cine Norteamericano - |y 1930-1939 | ||
| 650 | |a Cine Norteamericano - |y Siglo XX | ||
| 650 | |a Novela Inglesa - |x Adaptaciones para Cine | ||
| 650 | |a Literatura Inglesa - |y Siglo XIX - |x Adaptaciones para Cine | ||
| 650 | |a Literatura y Cine | ||
| 650 | |a Venganza - |x Tema Principal | ||
| 650 | |a Pasión Amorosa - |x Tema Principal | ||
| 650 | |a Amor | ||
| 650 | |a Páramos en el Cine | ||
| 700 | |a MacArthur, Charles |e (guión) | ||
| 700 | |a Hecht, Ben |e (guión) | ||
| 700 | |a Toland, Gregg |e (fotógrafo) | ||
| 700 | |a Kiam, Omar |e (vestuario) | ||
| 700 | |a Mandell, Daniel |e (montaje) | ||
| 700 | |a Newman, Alfred |e (música) | ||
| 700 | |a Oberon, Merle |e (actuación) | ||
| 700 | |a Olivier, Laurence |e (actuación) | ||
| 700 | |a Niven, David |e (actuación) | ||
| 910 | |a Fondo General | ||
| 920 | |a Audiovisuales - DVDs | ||
| 940 | |a Películas | ||
| 905 | |a 302 | ||
| 901 | |a 0500195938 |b IT2 |c DVS |i C120929 |u 20250521 | ||
| 902 | |a https://opac.biblio.iteso.mx/vufind/Record/000297554 | ||